Fundamentals of Mathematics Education/ (Record no. 188036)

MARC details
000 -LEADER
fixed length control field 00694nam a22002057a 4500
005 - DATE AND TIME OF LATEST TRANSACTION
control field 20220509114816.0
010 ## - LCCN (DPL NO)
LC control number ENG-132556
020 ## - INTERNATIONAL STANDARD BOOK NUMBER
International Standard Book Number 9788194857143
Terms of availability 350.00
035 ## - SYSTEM CONTROL NUMBER
System control number EN-116088
037 ## - SOURCE OF ACQUISITION
Source of stock number/acquisition DBAD/PUB
082 ## - DEWEY DECIMAL CLASSIFICATION NUMBER
Classification number 510.71
100 ## - MAIN ENTRY--PERSONAL NAME
Personal name K, Vijayakumari
245 ## - TITLE STATEMENT
Title Fundamentals of Mathematics Education/
Statement of responsibility, etc Vijayakumari K., Mumthas N.S. and V. Sumangala
260 ## - PUBLICATION, DISTRIBUTION, ETC. (IMPRINT)
Place of publication, distribution, etc Kozhikode
Name of publisher, distributor, etc Pavanatma Publishers Pvt. Ltd
Date of publication, distribution, etc 2020
270 ## - ADDRESS
Address Parayanchery, Kuthiravattam
City Kozhikode
Postal code 673016
Electronic mail address atmabooks@gmail.com
Telephone number 9746077500, 9746440800
300 ## - PHYSICAL DESCRIPTION
Extent xiii, 344p.
Other physical details Index
Dimensions 24cm(pbk)
700 ## - ADDED ENTRY--PERSONAL NAME
Personal name N.S., Mumthas
700 ## - ADDED ENTRY--PERSONAL NAME
Personal name Sumangala, V
942 ## - ADDED ENTRY ELEMENTS (KOHA)
Source of classification or shelving scheme Dewey Decimal Classification
Item type English Books
Classification part 510.71
Call number suffix VIJ
Holdings
Withdrawn status Lost status Not for loan Collection code Home library Current library Date acquired Source of acquisition Cost, normal purchase price Full call number Barcode Copy number Cost, replacement price Koha item type
      Non-fiction Patel Nagar Patel Nagar 09/05/2022 DBAD/PUB 350.00 510.71 VIJ EN-116088 1 350.00 English Books

© Delhi Public Library
Hit Counter
free hit counter